000 00293nam a22001337a 4500
008 171010b xxu||||| |||| 00| 0 eng d
020 _a9780131486027
041 _aeng
080 _23RD
_a316
100 _a50
101 _aSOC
245 _aSEEING OURSELVES
_cMACIONIS,J,J
942 _2udc
_cBK
999 _c32805
_d32805